| 000 | 00478nam a22001817a 4500 | ||
|---|---|---|---|
| 003 | CEME | ||
| 005 | 20210628205307.0 | ||
| 008 | 210308b xxu||||| |||| 00| 0 eng d | ||
| 020 | _a0-12-483545-& | ||
| 040 | _c. | ||
| 082 | _a530.12 MCG'Q | ||
| 100 |
_aMcgervey, John D _974805 |
||
| 245 | _aQuantum mechanics concepts and applications - with disk | ||
| 260 |
_aNEWYORK _bACADEMIC PRESS _c1994 |
||
| 300 | _aXIII, 408P | ||
| 650 |
_aQUANTUM THEORY _9177 |
||
| 942 |
_cBK _2ddc |
||
| 999 |
_c580304 _d580304 |
||